The outline of history : being a plain history of life and mankind
Αποθηκεύτηκε σε:
| Κύριος συγγραφέας: | |
|---|---|
| Μορφή: | Βιβλίο |
| Γλώσσα: | English |
| Δημοσίευση: |
London :
Cassell and company ,
1951.
|
| Θέματα: | |
| Ετικέτες: |
Προσθήκη ετικέτας
Δεν υπάρχουν, Καταχωρήστε ετικέτα πρώτοι!
|
MARC
| LEADER | 00000cam a2200000 i 4500 | ||
|---|---|---|---|
| 001 | 1/43068 | ||
| 008 | 961105s1951 enk| ||| |||| ||eng|| | ||
| 035 | |l 10025703 | ||
| 040 | |a GR-MyUA |b gre |e AACR2 | ||
| 041 | 0 | |a eng | |
| 082 | 0 | |a 900 | |
| 100 | 1 | |a Wells, H. G. |q (Herbert George), |d 1866-1946. | |
| 245 | 1 | 4 | |a The outline of history : |b being a plain history of life and mankind / |c H.G. Wells. |
| 260 | |a London : |b Cassell and company , |c 1951. | ||
| 300 | |a 1260 σ. | ||
| 504 | |a Περιέχει ευρετήριο. | ||
| 650 | 0 | 0 | |a History. |
| 767 | 0 | 8 | |i Μεταφρασμένο ως: |t Παγκόσμιος ιστορία / |
| 852 | |a INST |b CHIOS |e 19961105 |h 900 WEL |p 005200011099 |q 005200011099 |t BK |y 0 | ||
| 909 | |a Χ |b 047769 | ||